[Event "London Classic 9th"]
[Site "London"]
[Date "2017.12.01"]
[Round "1.1"]
[White "Carlsen, Magnus"]
[Black "Caruana, Fabiano"]
[Result "1/2-1/2"]
[WhiteElo "2874"]
[BlackElo "2780"]
[Annotator "Saunders, John"]
[PlyCount "108"]
[EventDate "2017.12.01"]
[EventType "tourn"]
[EventRounds "9"]
[EventCountry "ENG"]
[EventCategory "22"]

1. d4 d5 2. c4 dxc4 3. e3 Nf6 4. Bxc4 e6 5. Nf3 c5 6. O-O a6 7. Be2 {It seems
a bit strange to play a second move with this bishop without being forced to
do so, and it has not found general favour in this line. Aronian also played
it, at the last Sinquefield Cup in August, but he went on to lose to Caruana.
Curiously, Garry Kasparov also played it once, but only in a simul.} Nbd7 8.
Nc3 b6 (8... b5 {has featured a quite a number of games between top-level
players but this takes the game out of theory.}) 9. e4 cxd4 10. Nxd4 Bb7 11.
Be3 Bc5 ({Snatching the pawn with} 11... Nxe4 {doesn't lead to instant
refutation but nevertheless Black would be seriously behind in development
after} 12. Nxe4 Bxe4 13. Bf3 Bxf3 14. Qxf3 Bc5 15. Rad1 O-O 16. b4 $1 {, etc.})
12. f3 O-O 13. Qe1 Rc8 14. Qf2 b5 15. Rac1 Qe7 16. a4 bxa4 17. Nxa4 Bd6 18. Nb3
{One of those positions where you sense that White is starting to get a grip
without being able to pinpoint where Black could be said to have gone wrong.
That said, Black is still a long way from being at a serious disadvantage.} Bc6
19. Nc3 Rb8 20. Na5 Ba8 21. Nc4 ({After} 21. Bxa6 {Black has a small tactice
to regain the pawn:} Bxh2+ 22. Kxh2 Qd6+ 23. Kg1 Qxa6 {, etc.}) 21... Bc5 22.
Rfd1 Rfc8 23. Na4 Bxe3 24. Qxe3 Qb4 25. Qa3 h6 ({After} 25... Qxa3 26. Nxa3 {
Caruana would have to reckon with the long-term effects of Carlsenic poisoning
of his position. With the world champion, you are never very far away from
being on the wrong side of one of his speciality grids in which he seems able
to conjure something out of not very much.}) 26. Kf1 ({The computer is
superficially attracted to} 26. Ncb6 Qxa3 27. Rxc8+ Rxc8 28. bxa3 Nxb6 29. Nxb6
Rb8 30. Nxa8 Rxa8 31. Rc1 {but that doesn't look particularly 'grindworthy'
from a Carlsen perspective. He would need more material to work with.}) 26...
g5 27. Rc3 a5 28. Qxb4 (28. Qa1 $5 {was a suggestion of Kasparov's in the
commentary room. It sounded as though he didn't fully embrace it as a move but
it was more an attempt to understand what Carlsen's idea might be. The actual
move played came as a surprise.}) 28... axb4 (28... Rxb4 29. Ra1 {puts
pressure on the a5-pawn.}) 29. Rcc1 Kf8 30. Na5 Ke7 31. Kf2 Rxc1 32. Rxc1 {
[#]Around here in the commentary room, Malcolm Pein punted 32...Ne8. "No, no,"
countered Kasparov, typically looking to go forward and dismissing a move that
committed a third knight to the edge of the board. Commentators King and Trent
chimed in with the former world champion's opinion. At this point the
tournament director, being a busy man, had to leave on other business and it
was a minute or so after he departed that Caruana played...} Ne8 {... to a
chorus of rueful laughter from the three commentators. "Just as well Malcolm
wasn't here - how he would have gloated!" exclaimed one of them (identity
concealed to ensure his ongoing employment status). Actually, I then popped
out of the room to see if I could locate Malcolm and bring him back for a
well-merited gloat but sadly he was nowhere to be found.} 33. Ke3 Nd6 {White
has a nominal edge but the Pein plan seems to work well enough.} 34. Nc5 Rc8
35. Nab3 f5 36. Nxd7 Rxc1 37. Nxc1 Kxd7 38. Nd3 fxe4 39. fxe4 Ke7 40. e5 Nf5+
41. Kf2 Nd4 42. Bd1 b3 43. Nb4 ({Black's b-pawn looks vulnerable but he can
counter any threats against it by menacing the e5-pawn, e.g.} 43. g3 Bd5 44.
Ke3 Nc6 45. Kd2 Bc4 {, etc.}) 43... Bd5 44. g3 Bc4 45. Ke3 Nf5+ 46. Ke4 Kd7 47.
g4 Ne7 48. Kd4 Bf1 49. Bxb3 Be2 50. h3 Bf1 51. Nd3 Nc6+ 52. Kc5 $5 {Rather a
witty way to conclude the game. At first sight the world champion seems to
have left a piece en prise but he has it all worked out.} Bxd3 53. Ba4 Be4 54.
Kb6 Bd5 {Though White cannot regain his piece by force, Black can never
relieve the siege on the c6-knight and is left with no way of making progress.}
1/2-1/2

[Event "London Classic 9th"]
[Site "London"]
[Date "2017.12.01"]
[Round "1.4"]
[White "Nakamura, Hikaru"]
[Black "Anand, Viswanathan"]
[Result "1/2-1/2"]
[WhiteElo "2806"]
[BlackElo "2770"]
[Annotator "Saunders, John"]
[PlyCount "87"]
[EventDate "2017.12.01"]
[EventType "tourn"]
[EventRounds "9"]
[EventCountry "ENG"]
[EventCategory "22"]

1. Nf3 Nf6 2. g3 d5 3. Bg2 c5 4. O-O g6 5. d4 cxd4 6. Nxd4 Bg7 7. Nb3 Nc6 8.
Nc3 e6 9. e4 d4 (9... Nxe4 10. Nxe4 dxe4 11. Qxd8+ Kxd8 12. Bxe4 {was played
in Oparin-Esserman in Gibraltar in February, and ended in a draw.}) 10. Na4 O-O
11. c3 dxc3 12. Nxc3 e5 {Symmetrical but for the fact that White's kingside
knight has made a couple more moves than its Black counterpart, though without
necessarily being able to claim that it is better located.} 13. Be3 Bg4 14. f3
Be6 15. Nc5 Qe7 16. Nxe6 Qxe6 17. Qd2 Rfd8 18. Qf2 Bf8 19. h3 {At first sight
this doesn't look to be doing the light-squared bishop any favours but White
has an ambitious plan for the kingside which is not immediately obvious to
ordinary mortals.} Bb4 20. Rac1 Rd3 21. Rfd1 Rad8 22. Rxd3 Rxd3 23. Bf1 Rd8 24.
a3 Be7 25. g4 Kg7 26. Kh2 h6 27. h4 Nd4 28. g5 {Quite a risky plan as Black
can regroup to attack the residual pawn on g5. But White is looking for
counterplay in the shape of a direct attack on the black king.} hxg5 29. hxg5
Nh7 30. Bh3 {One upside of the bold White plan is that the light-squared
bishop can find activity again.} Qb3 31. f4 Nc6 {Black must retreat in order
to exchange on f4 and make the g5-pawn vulnerable to attack.} 32. Nd5 (32. Rg1
{may be safer but Black still can try} exf4 33. Bxf4 Bxa3 {when it looks like
he can get away with the pawn capture.}) 32... exf4 33. Bxf4 Bxg5 ({After} 
33... Nxg5 34. Rc3 Qd1 $5 {, the tactics get a bit tricky:} 35. Nxe7 Nxe4 36.
Qg2 {, etc, is just one possibility that would require analysis.}) 34. Bxg5
Nxg5 35. Qf6+ Kh6 {[#]The situation looks a trifle precarious for the black
king but there seems to be no way to exploit its predicament.} 36. Bg2 ({
The computer finds a neat line which would probably be beyond the analytical
powers of a human:} 36. Rc3 $1 Qxb2+ 37. Bg2 Ne5 $1 38. Rh3+ $1 (38. Qxd8 $2
Ng4+ {leads to mate}) (38. Qxe5 $2 Nf3+ {is a delicious fork/pin winning the
queen}) 38... Nxh3 39. Qh4+ Kg7 40. Qf6+ {with a beautifully geometric
perpetual check pattern.}) 36... Nh7 $1 {Otherwise the white rook comes to h1
and delivers mate or huge material loss down the h-file.} 37. Qxf7 Rf8 38. Qc7
Qxb2 39. Rh1 Qf2 {Another only move: Black must stop the white king
discovering a check along the h-file.} 40. Kh3 ({Renewing the threat but it
may not be best. Instead} 40. Rf1 Qh4+ 41. Kg1 Rxf1+ 42. Kxf1 {should lead to
a draw.}) 40... Rf7 {Giving the king a safe square on g7, attacking the queen
and protecting the b7-pawn. White also has to worry about the threat of Ng5+
when his own king is suddenly in danger of being mated.} 41. Qg3 Qb2 ({Given
the vulnerability of both kings, computers start conjuring weird tactics out
of the air. One such is} 41... Ng5+ 42. Kg4+ Kg7 43. Qh2 {and now} Nh3 $1 44.
Kxh3 (44. Qxh3 $4 Ne5+ 45. Kg5 Qd2+ 46. Kh4 Rf4+ $1 {leads to mate}) 44... Kg8
$1 {teeing up ...Rh7+, when White has to play} 45. Qg3 $1 Rh7+ 46. Kg4 Ne5+ 47.
Qxe5 Qxg2+ {and a draw ensues.}) 42. Ne3 Nf6 43. Bf3 Kh7 44. Nf5 $5 (44. Nf5 {
If Black takes the bait with} gxf5 $2 45. Rh2 $1 {, the queen has to be given
up for the rook since he can't allow Kg2 with mate. However, after} Qxh2+ 46.
Kxh2 fxe4 {Black should still survive.}) 1/2-1/2

[Event "British KO Ch"]
[Site "London"]
[Date "2017.12.01"]
[Round "1.1"]
[White "Short, Nigel"]
[Black "Merry, Alan"]
[Result "1-0"]
[WhiteElo "2687"]
[BlackElo "2422"]
[Annotator "Saunders, John"]
[PlyCount "85"]
[EventDate "2017.12.01"]
[EventType "k.o."]
[EventCountry "ENG"]

1. d4 Nf6 2. Nf3 g6 3. Bg5 Bg7 4. Nbd2 d5 5. e3 O-O 6. c3 b6 7. Bd3 c5 8. b4
Nbd7 9. O-O Bb7 10. Qb1 c4 11. Bc2 b5 12. a4 a6 13. Re1 Re8 14. e4 dxe4 15.
Nxe4 Nb6 16. Bxf6 exf6 17. a5 Nd5 18. Nc5 Bc6 19. Be4 {[#]} Rxe4 $5 {An
enterprising exchange for pawn sacrifice.} 20. Qxe4 Nxb4 21. Qb1 Nd5 22. Qc1 h5
23. Kh1 Kh7 24. Ng1 {It is difficult to see how White is supposed to unravel
his pieces.} Bh6 25. Qc2 Nf4 26. f3 Ra7 27. Qf2 Nd5 28. Ra3 {This rook has
rather a demeaning role as custodian of the a5 and c3 pawns.} f5 29. h4 Re7 30.
Re2 Bc1 $1 {Loosening the white pawn structure with what should have been
deadly effect.} 31. Ra1 Be3 32. Qe1 {[#]} Bf4 $4 ({Now was the time to strike
with} 32... b4 $1 {when} 33. cxb4 c3 34. Nh3 Bb5 {and Black is having all the
fun.}) 33. Rxe7 Nxe7 34. Nh3 Bh6 35. Nxa6 {Black's advantage has withered on
the vine and now White is in command.} f4 36. Nb4 Ba8 37. a6 Nf5 38. a7 Nxh4
39. Qe5 Nxf3 $5 {A good cheapo try but White doesn't have to capture.} 40. Qb8
$1 (40. gxf3 $4 Qh4 $1 {would turn the tables.}) 40... Qh4 41. Qxa8 Ng5 42. Qc8
f3 43. a8=Q 1-0

[Event "London Classic 9th"]
[Site "London"]
[Date "2017.12.03"]
[Round "2.2"]
[White "Vachier-Lagrave, Maxime"]
[Black "Nakamura, Hikaru"]
[Result "1/2-1/2"]
[WhiteElo "2804"]
[BlackElo "2806"]
[PlyCount "93"]
[EventDate "2017.12.01"]
[EventType "tourn"]
[EventRounds "9"]
[EventCountry "ENG"]
[EventCategory "22"]

1. e4 c5 2. Nf3 d6 3. d4 cxd4 4. Nxd4 Nf6 5. Nc3 g6 6. Be3 Bg7 7. f3 O-O 8. Qd2
Nc6 9. Bc4 Bd7 10. h4 h5 11. Bb3 Rc8 12. O-O-O Ne5 13. Bg5 Rc5 14. Kb1 Re8 ({
Most of us are familiar with the theory until about here, if only from playing
through many published games which feature it. Games featuring the Dragon are
the last refuge of a chess writer desperate for interesting material. Here
Black usually plays 14...b5, having prepared for it by playing 13...Rc5 but it
is not obligatory.} 14... b5) 15. g4 {White must prise the kingside open if
his attack is to get started.} hxg4 16. f4 Nc4 17. Qd3 {[#]Here Black
instantly... did nothing. He carried on doing nothing for 53 minutes. Such
long grandmasterly thinks often intrigue us amateurs, and this one also
puzzled the watching GMs, such as Julian Hodgson and Jon Speelman. One could
speculate why but I don't suppose we could find an answer. And asking the
player after the game would be likely to receive an evasive answer since we
are still in the book and he might not want to reveal too much.} Na5 (17... Qc8
{has been played more often, with Black scoring remarkably well after} 18. Bxf6
Bxf6 19. h5 g5 20. fxg5 Bxg5 {, etc, when White's h5-pawn is more a hindrance
than a help to him in pursuing his attacking plans along the file which it
blocks. But perhaps Nakamura felt he was being drawn into a trap and was
looking deeply into the position to find an improvement for White which his
opponent might have worked on in his laboratory. Answers on a postcard.
Personally, my gut feeling is that White might have been planning something
like 18.h5 rather than surrendering the g5-bishop in order to get in h4-h5,
which doesn't open up the h-file anyway.}) 18. Bxf6 {Now we are into the
unknown. White plays the same move that has hitherto been deployed against 17..
.Qc8.} exf6 ({After} 18... Bxf6 19. e5 $5 {starts to look menacing.}) 19. Bd5 {
With the pawns now doubled on the f-file, White now senses it is a good moment
to preserve his light-squared bishop, which eyes f7 and doesn't have to worry
about an e7-e6 rebuff any more.} Nc6 ({Engines favour the tricky move} 19... f5
$5 20. exf5 Bc6 21. Bxc6 Nxc6 22. Nxc6 bxc6 23. fxg6 {when engines aren't
concerned about Black's slightly fragile-looking kingside.}) 20. Nxc6 bxc6 21.
Bxf7+ $5 ({The game gets tactical. If} 21. Bb3 Qe7 22. Qxd6 Qxd6 23. Rxd6 Be6 {
Black has no particular worries.}) 21... Kxf7 22. Qxd6 {The queen forks rook
and bishop so White must at least regain his piece.} Rxc3 $5 {Black retaliates
with his own tactic.} 23. Qxd7+ Qxd7 24. Rxd7+ Ke6 25. Rxg7 Rf3 26. Rxg6 Rxf4
27. Rg1 Rxe4 28. R6xg4 Rxg4 29. Rxg4 {White has won a pawn but it transpires
that it is not enough to win. Black had to be aware of that some eight or nine
moves previously.} f5 30. Ra4 Rg8 31. b3 Rg4 {Another mini-tactic, exploiting
the fact that a rook exchange is impossible as the resultant g-pawn would
queen.} 32. Rxa7 f4 {Setting a little trick which wouldn't snare many GMs but
might unseat a less exalted player.} 33. Kc1 (33. Rh7 $4 {would defend the
h-pawn but lose the game since, after} f3 {, White would once again be unable
to prevent the pawn queening.}) 33... f3 34. Kd2 ({Black's last move was
another mini-cheapo:} 34. Kd1 $4 Rg1+ 35. Kd2 f2 {and the f-pawn goes through.}
) 34... Rxh4 35. Ra8 Rh2+ 36. Kd3 Kf5 37. a4 Kg4 38. a5 Rh1 39. Rg8+ Kf4 40.
Rf8+ Kg3 41. Rg8+ Kf4 42. Rf8+ Kg3 43. b4 f2 44. Kd4 (44. Ke2 Re1+ {also draws.
}) 44... f1=Q 45. Rxf1 Rxf1 46. Kc5 Rc1 {[#]} 47. Kxc6 (47. c4 Kf3 48. a6 Ke4
49. a7 Ra1 50. Kb6 Kd4 {also holds for Black.}) ({After} 47. Kxc6 Rxc2+ 48. Kb7
Kf4 49. b5 {looks a bit scary for Black but he can hold:} Ra2 50. a6 Ke5 51. a7
Kd5 52. b6 Kc5 53. Kc7 Ra1 {when it starts dawning on us that White cannot
make progress.}) 1/2-1/2

[Event "British KO Ch"]
[Site "London"]
[Date "2017.12.03"]
[Round "2.4"]
[White "McShane, Luke"]
[Black "Short, Nigel"]
[Result "1/2-1/2"]
[WhiteElo "2649"]
[BlackElo "2687"]
[PlyCount "175"]
[EventDate "2017.12.01"]
[EventType "k.o."]
[EventCountry "ENG"]

1. e4 e5 2. Nf3 Nc6 3. Bb5 a6 4. Ba4 Nf6 5. O-O Be7 6. Bxc6 dxc6 7. d3 Nd7 8.
Nc3 O-O 9. Kh1 Re8 10. Ng1 Nf8 11. Nge2 Ng6 12. f4 exf4 13. Nxf4 Bd6 14. Nxg6
hxg6 15. Qf3 Be6 16. Bf4 g5 17. Bg3 Bxg3 18. Qxg3 Qe7 19. e5 Rad8 20. Ne4 g4
21. Rae1 c5 22. Qf4 Rd4 23. c3 Rxd3 24. Nf6+ Kf8 25. Nh7+ Kg8 26. Nf6+ Kf8 27.
Qe4 Qd8 28. Qh7 Rd2 29. Qh8+ Ke7 30. Qxg7 Rh8 31. Ne4 Rd5 32. Ng5 Qg8 33. Nxe6
Kxe6 34. Qf6+ Kd7 35. Qf5+ Ke7 36. Rd1 c6 37. Qf6+ Ke8 38. Rxd5 cxd5 39. Qd6
Qh7 40. Qb8+ Ke7 41. Qxb7+ Ke6 {[#]Here, with nanoseconds left on his clock,
Luke McShane played} 42. Qc6+ ({missing} 42. Rf6+ Kxe5 43. Qe7#) 42... Kxe5 43.
Re1+ ({This time he missed} 43. Qf6+ Ke4 44. Qf4+ Kd3 45. Rd1+ Ke2 46. Qd2#)
43... Kf5 44. Qxd5+ Kg6 {and the game ended in a draw after 88 moves.} 45. Qe4+
f5 46. Qf4 Qd7 47. Qg3 Re8 48. Rf1 Re2 49. h3 Rxb2 50. hxg4 fxg4 51. Qe5 Rb6
52. Qxc5 Rc6 53. Qe5 Qe6 54. Qxe6+ Rxe6 55. Kh2 Re2 56. Rf4 Rxa2 57. Rxg4+ Kf5
58. Rc4 a5 59. Kh3 a4 60. g4+ Kg6 61. Rc6+ Kg7 62. Kh4 a3 63. Rc7+ Kg6 64. Rc6+
Kg7 65. Kg5 Rc2 66. Rc7+ Kf8 67. Kf6 Rf2+ 68. Kg6 a2 69. Ra7 Rc2 70. g5 Rg2 71.
c4 Ke8 72. Kf6 Rf2+ 73. Kg6 Rg2 74. c5 Kd8 75. Kf6 Kc8 76. g6 Kb8 77. Ra5 Kb7
78. g7 Rf2+ 79. Kg6 Rg2+ 80. Kf7 Rf2+ 81. Kg8 Rg2 82. Kf7 Rf2+ 83. Ke6 Rg2 84.
Rxa2 Rxg7 85. Kd5 Rd7+ 86. Kc4 Rd1 87. Rh2 Rc1+ 88. Kb5 1/2-1/2